Gestión estratégica del conocimiento y cuadro de mando integral (Registro nro. 26666)

Detalles MARC
000 -LEADER
fixed length control field 00452 a2200133 4500
001 - CONTROL NUMBER
control field ART_12905
005 - DATE AND TIME OF LATEST TRANSACTION
control field 20260410161909.0
008 - FIXED-LENGTH DATA ELEMENTS--GENERAL INFORMATION
fixed length control field 260409a
100 1# - MAIN ENTRY--PERSONAL NAME
Personal name Martinez Garcia, Francisco Javier
245 10 - TITLE STATEMENT
Title Gestión estratégica del conocimiento y cuadro de mando integral
700 1# - ADDED ENTRY--PERSONAL NAME
Personal name Rodríguez, Francisco Somohano
700 1# - ADDED ENTRY--PERSONAL NAME
Personal name Fernandez Laviada, Ana
773 0# - HOST ITEM ENTRY
Title Costos y gestión
Related parts - Año 13, Nº 53 (sep. 2004)
Record control number REV12786

No hay ítems disponibles.